Predmet a obsah interného auditu vo vybranej spoločnosti diplomová práca

Guardado en:
Detalles Bibliográficos
Autor principal: Filušová, Lucia
Autor Corporativo: Fakulta hospodárskej informatiky EU. Katedra účtovníctva a audítorstva
Otros Autores: Užík, Ján, 1969-
Formato: Libro
Lenguaje:eslovaco
Publicado: Bratislava 2019
Etiquetas: Agregar Etiqueta
Sin Etiquetas, Sea el primero en etiquetar este registro!

MARC

LEADER 00000nbm a2200000 4500
001 0254144
005 20200110145652.1
041 0 |a slo 
044 |a SK 
245 1 0 |a Predmet a obsah interného auditu vo vybranej spoločnosti  |b diplomová práca  |c Lucia Filušová ; školiteľ: Ján Užík 
264 1 |a Bratislava  |c 2019 
300 |a 74 s. 
100 1 |a Filušová, Lucia 
700 1 |a Užík, Ján, 1969- 
710 2 |a Fakulta hospodárskej informatiky EU. Katedra účtovníctva a audítorstva